3 veci, ktoré by ste si mali skontrolovať v projekte
Projekty uchádzajúce sa o dotáciu často pozostávajú z rozsiahlej dokumentácie, ktorú laik nemá šancu vypracovať. Užitočné rady pre žiadateľa o dotáciu.
Saved in:
| Main Author: | |
|---|---|
| Format: | Book Chapter |
| Language: | Slovak |
| Subjects: | |
| Tags: |
No Tags, Be the first to tag this record!
|
MARC
| LEADER | 00000naa a2200000 4500 | ||
|---|---|---|---|
| 001 | 0253407 | ||
| 005 | 20190507064739.5 | ||
| 041 | 0 | |a slo | |
| 044 | |a SK | ||
| 245 | 1 | 0 | |a 3 veci, ktoré by ste si mali skontrolovať v projekte |c Ivana Oravcová |
| 520 | |a Projekty uchádzajúce sa o dotáciu často pozostávajú z rozsiahlej dokumentácie, ktorú laik nemá šancu vypracovať. Užitočné rady pre žiadateľa o dotáciu. | ||
| 610 | 2 | 0 | |a projekty investičné |
| 610 | 2 | 0 | |a projekty medzinárodné |
| 610 | 2 | 0 | |a dotácie |
| 610 | 2 | 0 | |a dokumentácia projektová |
| 610 | 2 | 0 | |a rozpočet investičný |
| 610 | 2 | 0 | |a administratíva |
| 100 | 1 | |a Oravcová, Ivana | |